The Yorkshire Cactus Journal

محفوظ في:

التنسيق: دورية

اللغة: Undetermined

منشور في: JSTOR
British Cactus and Succulent Society

الموضوعات:

الوصول للمادة أونلاين: Login to view Source

الوسوم: إضافة وسم

لا توجد وسوم, كن أول من يضع وسما على هذه التسجيلة!

رقم الطلب:

LEADER 00527nas a2200169Ia 4500
008 220214c99999999xx |||||||||||| ||und||
022 |a 2055-8252 
022 |a 2057-0309 
245 0 4 |a The Yorkshire Cactus Journal 
264 1 |b JSTOR 
264 1 |b British Cactus and Succulent Society 
362 0 |a Vol. 1(1946)-1 (1946) 
653 1 0 |a Science & Mathematics 
856 4 0 |u https://www.jstor.org/journal/yorkcactj 
942 |c JL 
952 |0 0  |1 0  |4 0  |7 1  |9 37705  |a JSR  |b JSR  |d 2022-02-14  |l 0  |r 2022-02-14 00:00:00  |w 2022-02-14  |y JL 
999 |c 46036  |d 46036